00143nam a2200061Ia 4500008004100000100002000041245002000061120527s9999 xx 000 0 und d aCronk, C. Brian aHow to use SPSS